Creatures of the night

Bibliographic Details
Main Author: Grainge, Rita
Other Authors: Bampton, Bob (illustrated by)
Format: Book
Published: Kuala Lumpur : Vinpress , 1992
Series:Now you can read about
Subjects:

MARC

LEADER 00000cam a2200000 7i4500
001 0000001234
002 000001363
005 20051006.0
020 |a 9678101246 
090 0 0 |a 591.51   |b GRA 
100 1 |a Grainge, Rita 
245 1 0 |a Creatures of the night   |c Rita Grainge ; illustrated by Bob bampton 
260 |a Kuala Lumpur :   |b Vinpress ,   |c 1992 
300 |a 23p. ;   |c 27cm. 
490 0 |a Now you can read about 
650 0 0 |a Creatures   |x Mangrove 
700 0 |a Bampton, Bob ,   |e illustrated by 
999 |a 032635   |b BUKU   |c PINJAMAN   |e PERPUSTAKAAN KOMUNITI PETALING JAYA